Gravitation (Volume - I) / (Record no. 30078)
[ view plain ]
| 000 -LEADER | |
|---|---|
| fixed length control field | 00601 a2200205 4500 |
| 003 - CONTROL NUMBER IDENTIFIER | |
| control field | NUST |
| 005 - DATE AND TIME OF LATEST TRANSACTION | |
| control field | 20180118121436.0 |
| 008 - FIXED-LENGTH DATA ELEMENTS--GENERAL INFORMATION | |
| fixed length control field | 180118b xxu||||| |||| 00| 0 eng d |
| 020 ## - INTERNATIONAL STANDARD BOOK NUMBER | |
| International Standard Book Number | 0716703440 |
| 020 ## - INTERNATIONAL STANDARD BOOK NUMBER | |
| International Standard Book Number | 9780716703440 |
| 082 04 - DEWEY DECIMAL CLASSIFICATION NUMBER | |
| Classification number | 531.14 |
| 100 1# - MAIN ENTRY--PERSONAL NAME | |
| Personal name | Misner, Charles W. |
| 9 (RLIN) | 8556 |
| 245 10 - TITLE STATEMENT | |
| Title | Gravitation (Volume - I) / |
| Statement of responsibility, etc. | Charles W. Misner, Kip S. Thorne, John Archibald Wheeler, John Wheeler, Kip Thorne. |
| 250 ## - EDITION STATEMENT | |
| Edition statement | First Edition ed. |
| 260 ## - PUBLICATION, DISTRIBUTION, ETC. | |
| Place of publication, distribution, etc. | [S.l.] : |
| Name of publisher, distributor, etc. | W. H. Freeman, |
| Date of publication, distribution, etc. | 1973. |
| 300 ## - PHYSICAL DESCRIPTION | |
| Extent | 1215 p. ; |
| Dimensions | 26 cm. |
| 490 1# - SERIES STATEMENT | |
| Series statement | Physics series. |
| 700 ## - ADDED ENTRY--PERSONAL NAME | |
| Personal name | Thorne, Kip S.1 |
| -- | Whe |
| 9 (RLIN) | 8686 |
| 700 ## - ADDED ENTRY--PERSONAL NAME | |
| Personal name | Wheeler, J |
| 9 (RLIN) | 8558 |
| 830 ## - SERIES ADDED ENTRY--UNIFORM TITLE | |
| Uniform title | Thorne, Kip |
| 9 (RLIN) | 8559 |
| 942 ## - ADDED ENTRY ELEMENTS (KOHA) | |
| Institution code [OBSOLETE] | SNS |
| Koha item type | Book |
| Call number prefix | 531.14 MIS |
| Source of classification or shelving scheme | |
| Withdrawn status | Lost status | Damaged status | Not for loan | Permanent Location | Current Location | Date acquired | Total Checkouts | Full call number | Barcode | Date last seen | Date last checked out | Price effective from | Koha item type |
|---|---|---|---|---|---|---|---|---|---|---|---|---|---|
| School of Natural Sciences (SNS) | School of Natural Sciences (SNS) | 05/26/2016 | 1 | 531.14 MIS | SNS0000538 | 10/04/2019 | 01/15/2019 | 05/26/2016 | Book |
